000 00494nam a2200181Ia 4500
003 GCL
008 140319s9999 xx 000 0 eng d
040 _aGCL /
_cGCL
082 0 4 _a005.7136
_bS P
100 1 _aLEWIS, PETER N
245 1 0 _aPROVIDING INTERNET SERVICES VIA TH MAC OS /
_cLEWIS, PETER N
700 1 _aSTEADMAN, CARL
700 1 _aSNELL, JASON
260 _a[S.N] :
_bADDISON - WESLEY PUBLISHING COMPANY ،
_c1996
300 _a409 P
650 0 4 _aMACINTOSH
942 _2ddc
_cBK
999 _c13363
_d13363